| 000 | 01708cam a22002775a 4500 | ||
|---|---|---|---|
| 001 | L148718 | ||
| 008 | 091027s1991 xxk f 000 0 eng d | ||
| 020 | _a085125506X | ||
| 035 | _a(Sirsi) u148718 | ||
| 041 | 0 | _aeng | |
| 050 | 0 | 4 | _a729.28 $2 18 |
| 100 | 1 | _aLittlefair, P.J. | |
| 110 | 2 | _aBuilding Research Establishment | |
| 245 | 0 | 0 |
_aSite layout planning for daylight and sunlight _ba guide to good practice |
| 260 |
_aWatford _bBRE _c1991 |
||
| 300 |
_a85p. _c30cm. |
||
| 490 | 0 |
_aBuilding Research Establishment Report _vBR 209 |
|
| 500 | _aTransparent direction finder in pocket. | ||
| 505 | 2 | _aIntroduction -- Light from the sky -- Sunlighting -- Passive solar design -- Other issues -- References -- Bibliography -- Acknowledgements -- Appendix A Indicators to calculate access to skylight, sunlight and solar radiation -- Appendix B A waldram diagram to calculate vertical sky component -- Appendix D Interior daylighting recommendations -- Plotting the no-sky line -- Appendix E Rights to light -- Appendix F Setting alternatives target values for skylight access -- Appendix G Calculations of sun on the ground -- Appendix H Definitions | |
| 520 | _aThis guide gives advice on site layout planning to achieve good sunlighting and daylighting, within buildings and in the open spaces between them. Includes an appendix on rights to light and indicators to calculate access to skylight, sunlight and solar radiation. Discusses how to protect the daylighting and sunlighting of existing buildings when new developments are proposed. | ||
| 521 | _aAdvanced | ||
| 651 | 4 |
_aUnited Kingdom _y |
|
| 690 | _aBUILT ENVIRONMENT | ||
| 710 | 2 | _aBuilding Research Establishment. | |
| 942 | _n0 | ||
| 999 |
_c110180 _d110180 |
||